| 000 | 01249cam a22003374a 4500 | ||
|---|---|---|---|
| 001 | 13322511 | ||
| 003 | ARRUPE | ||
| 005 | 20130918172654.0 | ||
| 008 | 030825s2004 nyua b 001 0 eng | ||
| 010 | _a 2003018675 | ||
| 020 | _a1570753490 (pbk.) | ||
| 020 | _a1570754543 | ||
| 040 |
_aDLC _cDLC _dDLC |
||
| 042 | _apcc | ||
| 043 | _an-us--- | ||
| 050 | 0 | 0 |
_aBX1407.I5 _bC74 2004 |
| 082 | 0 | 0 |
_a282/.73 _222 |
| 245 | 0 | 0 |
_aCreative fidelity : _bAmerican Catholic intellectual traditions / _cR. Scott Appleby, Patricia Byrne, William L. Portier, editors. |
| 260 |
_aMaryknoll, N.Y. : _bOrbis Books, _cc2004. |
||
| 300 |
_axxviii, 330 p. : _bill. ; _c24 cm. |
||
| 440 | 0 |
_aAmerican Catholic identities _9691 |
|
| 504 | _aIncludes bibliographical references and index. | ||
| 650 | 0 |
_aCatholics _zUnited States _xIntellectual life. _9692 |
|
| 700 | 1 |
_aAppleby, R. Scott, _d1956- _9693 |
|
| 700 | 1 |
_aByrne, Patricia. _9694 |
|
| 700 | 1 |
_aPortier, William L. _9695 |
|
| 856 | 4 | 1 |
_3Table of contents _uhttp://www.loc.gov/catdir/toc/ecip048/2003018675.html |
| 906 |
_a7 _bcbc _corignew _d1 _eecip _f20 _gy-gencatlg |
||
| 942 |
_2lcc _cMONOGRAPH |
||
| 999 |
_c117910 _d117910 |
||